[Event "GER-ch Net blitz qual2"]
[Site "Playchess.com INT"]
[Date "2020.03.16"]
[Round "1"]
[White "Bolwerk, Peter"]
[Black "Kopylov, Michael"]
[Result "1/2-1/2"]
[WhiteElo "2190"]
[BlackElo "2407"]
[PlyCount "157"]
[EventDate "2020.03.16"]
[EventType "swiss (blitz)"]
[EventRounds "9"]
[EventCountry "GER"]
[SourceTitle "CBM 195 Extra"]
[Source "ChessBase"]
[SourceDate "2020.05.31"]
[SourceVersion "1"]
[SourceVersionDate "2020.05.31"]
[SourceQuality "1"]

1. e4 d5 2. exd5 Qxd5 3. Nf3 Bg4 4. Be2 Nc6 5. 0-0 0-0-0 6. d3 e5 7. Nc3 Qd7 8. Re1 Nf6 9. h3 Bf5 10. Nh4 Be6 11. Be3 Nd4 12. Bf1 Bc5 13. Nf3 Nxf3+ 14. Qxf3 Bd4 15. Rab1 Rhe8 16. a3 Kb8 17. Kh2 Nd5 18. Bxd4 exd4 19. Ne4 f5 20. Ng5 Bg8 21. Qd1 h6 22. Nf3 c5 23. b4 Nc3 24. Qd2 Nxb1 25. Rxb1 Bd5 26. Be2 c4 27. dxc4 Bxc4 28. Qf4+ Qc7 29. Qxc7+ Kxc7 30. Bxc4 g5 31. Bd3 f4 32. Rd1 Kb6 33. Bc4 Re4 34. Rd3 Rc8 35. Bb3 Rd8 36. Kg1 a5 37. bxa5+ Kxa5 38. Kf1 Kb6 39. Nd2 Ree8 40. Nc4+ Kc5 41. Nd2 b5 42. a4 bxa4 43. Bxa4 Re7 44. Bb3 Ra8 45. g3 fxg3 46. Rxg3 Rf8 47. Kg2 Rf4 48. Rg4 Rxg4+ 49. hxg4 Re2 50. Nf3 Re4 51. Kg3 Kb4 52. Bd5 Re8 53. Nxd4 Kc5 54. Bf7 Re7 55. Ne6+ Kd6 56. Nd8 Rd7 57. Bg6 Rxd8 58. Bf5 Ke5 59. Bd3 Rf8 60. f3 Rb8 61. Be4 Rb1 62. Kf2 Kf4 63. Ke2 Rh1 64. Kd3 Rh2 65. c4 Rh1 66. Kc2 Ke3 67. c5 Rh2+ 68. Kc3 Rh1 69. c6 Rc1+ 70. Bc2 Ra1 71. c7 Ra8 72. Bf5 Kxf3 73. Kd4 Kg3 74. Ke5 Kh4 75. Kf6 h5 76. gxh5 Kxh5 77. c8Q Rxc8 78. Bxc8 g4 79. Bxg4+ 1/2-1/2

[Event "GER-ch Net blitz qual2"]
[Site "Playchess.com INT"]
[Date "2020.03.16"]
[Round "6"]
[White "Bolwerk, Peter"]
[Black "Lerch, Martin Erik"]
[Result "1-0"]
[WhiteElo "2190"]
[BlackElo "1872"]
[PlyCount "63"]
[EventDate "2020.03.16"]
[EventType "swiss (blitz)"]
[EventRounds "9"]
[EventCountry "GER"]
[SourceTitle "CBM 195 Extra"]
[Source "ChessBase"]
[SourceDate "2020.05.31"]
[SourceVersion "1"]
[SourceVersionDate "2020.05.31"]
[SourceQuality "1"]

1. e4 e6 2. d4 d5 3. Nc3 Bb4 4. e5 Ne7 5. a3 Bxc3+ 6. bxc3 c5 7. Qg4 cxd4 8. Qxg7 Rg8 9. Qxh7 Qc7 10. Ne2 Nbc6 11. f4 dxc3 12. Qd3 d4 13. Nxd4 Nxd4 14. Qxd4 Bd7 15. Rg1 Nf5 16. Qf2 Qc6 17. Bd3 0-0-0 18. g4 Nh6 19. h3 Qd5 20. Qxa7 Bb5 21. Qa8+ Kd7 22. Bxb5+ Qxb5 23. Qa7 Ke7 24. Be3 Rd2 25. Bxd2 cxd2+ 26. Kxd2 Rd8+ 27. Kc1 Qe2 28. Rb1 Qd2+ 29. Kb2 Rd5 30. Qxb7+ Kf8 31. Rg3 Qd4+ 32. Rc3 1-0

[Event "GER-ch Net blitz qual2"]
[Site "Playchess.com INT"]
[Date "2020.03.16"]
[Round "2"]
[White "Bolwerk, Peter"]
[Black "Schubert, Joachim"]
[Result "1-0"]
[WhiteElo "2190"]
[BlackElo "1881"]
[PlyCount "109"]
[EventDate "2020.03.16"]
[EventType "swiss (blitz)"]
[EventRounds "9"]
[EventCountry "GER"]
[SourceTitle "CBM 195 Extra"]
[Source "ChessBase"]
[SourceDate "2020.05.31"]
[SourceVersion "1"]
[SourceVersionDate "2020.05.31"]
[SourceQuality "1"]

1. e4 c5 2. Nf3 Nc6 3. d4 cxd4 4. Nxd4 Nf6 5. Nc3 d6 6. Bg5 e6 7. Qd2 a6 8. 0-0-0 Bd7 9. f3 Be7 10. h4 h6 11. Be3 Qc7 12. Kb1 0-0-0 13. g4 Kb8 14. Nb3 Bc8 15. Qf2 Nd7 16. Be2 Nce5 17. Rd4 b5 18. a4 Nc6 19. Rdd1 b4 20. Na2 a5 21. Nd4 Nxd4 22. Bxd4 f6 23. Bb5 Bb7 24. Rc1 Nc5 25. b3 Bc6 26. Qe2 Qb7 27. Bxc6 Qxc6 28. Rhd1 Rc8 29. Rd2 Rhd8 30. Rcd1 Nb7 31. Nc1 d5 32. Bb2 dxe4 33. Rxd8 Rxd8 34. Rxd8+ Bxd8 35. fxe4 e5 36. Nd3 Nd6 37. Nf2 Bb6 38. g5 hxg5 39. hxg5 Bxf2 40. gxf6 gxf6 41. Qxf2 Nxe4 42. Qh4 Qd6 43. Qxe4 Qd1+ 44. Ka2 Qd6 45. Bc1 Qe6 46. Bb2 Qd6 47. Qg6 Kc7 48. Qf7+ Kc6 49. Qc4+ Kb6 50. Qb5+ Kc7 51. Qxa5+ Kd7 52. Qa7+ Ke6 53. a5 f5 54. a6 Qc5 55. Qxc5 1-0

[Event "GER-ch Net blitz qual1"]
[Site "Playchess.com INT"]
[Date "2020.03.07"]
[Round "7"]
[White "Bolwerk, Peter"]
[Black "Hagner, Bennet"]
[Result "1-0"]
[WhiteElo "2190"]
[BlackElo "2034"]
[PlyCount "163"]
[EventDate "2020.03.07"]
[EventType "swiss (blitz)"]
[EventRounds "9"]
[EventCountry "GER"]
[SourceTitle "CBM 195 Extra"]
[Source "ChessBase"]
[SourceDate "2020.05.31"]
[SourceVersion "1"]
[SourceVersionDate "2020.05.31"]
[SourceQuality "1"]

1. e4 e5 2. Bc4 Nf6 3. d3 c6 4. Nf3 d5 5. Bb3 dxe4 6. Ng5 Be6 7. Bxe6 fxe6 8. Nxe4 Nxe4 9. dxe4 Qxd1+ 10. Kxd1 Bc5 11. Ke2 0-0 12. f3 Nd7 13. Rd1 Rad8 14. Bg5 Nf6 15. Nc3 Kf7 16. Bh4 h6 17. a3 Bd4 18. Rd3 g5 19. Bg3 Ke7 20. Nd1 Nh5 21. c3 Nxg3+ 22. hxg3 Bb6 23. Rxd8 Rxd8 24. Ne3 Bxe3 25. Kxe3 b5 26. g4 c5 27. a4 a6 28. axb5 axb5 29. Ra7+ Rd7 30. Ra8 Kf7 31. Rb8 b4 32. cxb4 c4 33. Rc8 Rd3+ 34. Ke2 Rb3 35. Rxc4 Rxb2+ 36. Ke3 Rxg2 37. Rc7+ Kf6 38. Kd3 Rb2 39. Kc3 Rf2 40. b5 Rxf3+ 41. Kb4 Re3 42. Rc4 Re1 43. b6 Rb1+ 44. Kc5 Kg6 45. Kc6 h5 46. gxh5+ Kxh5 47. Rc5 g4 48. Rxe5+ Kh4 49. Rxe6 g3 50. Rg6 Kh3 51. e5 g2 52. e6 Kh2 53. b7 g1Q 54. Rxg1 Kxg1 55. e7 Re1 56. b8Q Rxe7 57. Qg3+ Kf1 58. Qf3+ Ke1 59. Qc3+ Ke2 60. Qc4+ Kf3 61. Kd6 Re4 62. Qd3+ Re3 63. Qf5+ Ke2 64. Kd5 Rd3+ 65. Kc4 Re3 66. Kd4 Ra3 67. Qc2+ Kf3 68. Qd1+ Kg3 69. Qg1+ Kh3 70. Qf1+ Kg3 71. Qe1+ Kf3 72. Qe4+ Kg3 73. Qe5+ Kf3 74. Qf5+ Kg3 75. Qg5+ Kf3 76. Qh5+ Kg2 77. Qg4+ Rg3 78. Qe2+ Kh3 79. Ke4 Rg4+ 80. Kf3 Rg3+ 81. Kf4 Rg2 82. Qh5# 1-0

[Event "GER-ch Net blitz qual1"]
[Site "Playchess.com INT"]
[Date "2020.03.07"]
[Round "5"]
[White "Bolwerk, Peter"]
[Black "Reich, Jason"]
[Result "1-0"]
[WhiteElo "2190"]
[BlackElo "1529"]
[PlyCount "71"]
[EventDate "2020.03.07"]
[EventType "swiss (blitz)"]
[EventRounds "9"]
[EventCountry "GER"]
[SourceTitle "CBM 195 Extra"]
[Source "ChessBase"]
[SourceDate "2020.05.31"]
[SourceVersion "1"]
[SourceVersionDate "2020.05.31"]
[SourceQuality "1"]

1. e4 e5 2. Bc4 Bc5 3. Nf3 Nc6 4. d3 d6 5. c3 h6 6. Bb3 Bg4 7. Nbd2 Bb6 8. Nf1 Nge7 9. Ng3 0-0 10. h3 Be6 11. 0-0 Qd7 12. Kh2 f5 13. exf5 Nxf5 14. Nxf5 Rxf5 15. d4 e4 16. Nh4 Bxb3 17. Qxb3+ Rf7 18. f3 exf3 19. Rxf3 d5 20. Rxf7 Qxf7 21. Nf3 Qe6 22. Bf4 Na5 23. Qc2 Rf8 24. Re1 Qf7 25. Bg3 Nc4 26. b3 Na5 27. Ne5 Qe7 28. Ng6 Qf6 29. Nxf8 Qxf8 30. Qe2 Nc6 31. Rf1 Qd8 32. Qe6+ Kh8 33. Rf7 Qg5 34. Qe8+ Kh7 35. Rf8 g6 36. Rf7# 1-0

[Event "NED-ch internet"]
[Site "Playchess.com INT"]
[Date "2016.06.25"]
[Round "1.2"]
[White "Bolwerk, Peter"]
[Black "Van Wely, Loek"]
[Result "1/2-1/2"]
[WhiteElo "2197"]
[BlackElo "2658"]
[PlyCount "81"]
[EventDate "2016.06.25"]
[EventType "k.o. (blitz)"]
[EventRounds "4"]
[EventCountry "NED"]
[SourceTitle "CBM 173 Extra"]
[Source "ChessBase"]
[SourceDate "2016.08.29"]
[SourceVersion "1"]
[SourceVersionDate "2016.08.29"]
[SourceQuality "1"]

1. e4 c5 2. Nf3 e6 3. d4 cxd4 4. Nxd4 Nc6 5. Nc3 d6 6. Be2 Nf6 7. 0-0 Be7 8. Be3 0-0 9. f4 a6 10. Kh1 Bd7 11. Qe1 b5 12. a3 Qb8 13. Bd3 Nxd4 14. Bxd4 e5 15. Be3 Bc6 16. fxe5 dxe5 17. Bg5 Qd8 18. Rd1 Nd7 19. Be3 Qc7 20. Qg3 Kh8 21. Nd5 Bxd5 22. exd5 Nc5 23. Be2 f5 24. Qh3 Bd6 25. Rxf5 Rxf5 26. Qxf5 Rf8 27. Qh3 Qf7 28. Bxc5 Bxc5 29. Qf3 Qe7 30. Qh3 g6 31. Bf3 Rf4 32. d6 Bxd6 33. Qc8+ Kg7 34. Qc6 Rd4 35. Re1 e4 36. Bxe4 Qe5 37. Qd7+ Kh6 38. Qh3+ Kg7 39. Qd7+ Kh6 40. Qh3+ Kg7 41. Qd7+ 1/2-1/2

[Event "NRW Class2 1415"]
[Site "Germany"]
[Date "2015.03.22"]
[Round "8.5"]
[White "Janyska, Dennis"]
[Black "Bolwerk, Peter"]
[Result "1/2-1/2"]
[WhiteElo "1998"]
[BlackElo "2184"]
[PlyCount "132"]
[EventDate "2014.09.14"]
[EventType "team-tourn"]
[EventRounds "9"]
[EventCountry "GER"]
[SourceTitle "EXT 2017"]
[Source "ChessBase"]
[SourceDate "2016.10.25"]
[SourceVersion "1"]
[SourceVersionDate "2016.10.25"]
[SourceQuality "1"]
[WhiteTeam "Guetersloh"]
[BlackTeam "Muenster"]
[WhiteTeamCountry "GER"]
[BlackTeamCountry "GER"]

1. d4 Nf6 2. Bg5 e6 3. Nd2 Be7 4. Ngf3 d6 5. e4 Nbd7 6. Bd3 0-0 7. 0-0 e5 8. dxe5 Nxe5 9. Nxe5 dxe5 10. Nc4 Nd7 11. Be3 Bf6 12. c3 Qe7 13. b4 Rd8 14. Qe2 b6 15. Rfd1 Nf8 16. a4 Ng6 17. g3 Bb7 18. a5 Qe6 19. Nd2 Ne7 20. Bc4 Qh3 21. Ba6 Qc8 22. Bxb7 Qxb7 23. f3 Qc6 24. c4 Qe8 25. b5 Ng6 26. c5 bxc5 27. Bxc5 Nf8 28. Bxf8 Qxf8 29. Nf1 Qc5+ 30. Kg2 Bg5 31. h4 Bh6 32. Rxd8+ Rxd8 33. Rd1 Rd4 34. Rxd4 exd4 35. f4 Qc3 36. Qd2 Qc4 37. e5 g6 38. Nh2 Qc3 39. Nf3 Bf8 40. Qxd4 Qxa5 41. Qc4 Be7 42. h5 Qb6 43. Nd4 Kf8 44. Qd5 a5 45. bxa6 Qxa6 46. hxg6 hxg6 47. e6 c5 48. Nc6 Qe2+ 49. Kg1 Qxe6 50. Qxe6 fxe6 51. Ne5 Kg7 52. Kf2 g5 53. Ke3 gxf4+ 54. gxf4 Bf6 55. Nc4 Be7 56. Ke4 Kf6 57. Ne3 Bd6 58. Nc4 Ke7 59. f5 exf5+ 60. Kxf5 Bg3 61. Kg4 Be1 62. Kf5 Bc3 63. Ke4 Ke6 64. Nb6 Bg7 65. Kd3 Kd6 66. Kc4 Kc6 1/2-1/2

[Event "NED-chT 1314"]
[Site "Netherlands"]
[Date "2013.11.02"]
[Round "2.9"]
[White "Zwirs, Nico"]
[Black "Bolwerk, Peter"]
[Result "1-0"]
[WhiteElo "2276"]
[BlackElo "2245"]
[PlyCount "97"]
[EventDate "2013.09.21"]
[EventType "team-tourn"]
[EventRounds "9"]
[EventCountry "NED"]
[SourceTitle "EXT 2015"]
[Source "ChessBase"]
[SourceDate "2014.11.20"]
[SourceVersion "1"]
[SourceVersionDate "2014.11.20"]
[SourceQuality "1"]
[WhiteTeam "Apeldoorn"]
[BlackTeam "ESG Max Euwe"]
[WhiteTeamCountry "NED"]
[BlackTeamCountry "NED"]

1. e4 c5 2. Nc3 e6 3. Nge2 a6 4. g3 b5 5. Bg2 Bb7 6. 0-0 Nf6 7. d3 d6 8. f4 Nbd7 9. a4 b4 10. Nb1 c4 11. Nd2 cxd3 12. cxd3 Nc5 13. Nb3 Qb6 14. a5 Qb5 15. Rf3 Nxb3 16. Qxb3 Nxe4 17. dxe4 Qxe2 18. Qa4+ Qb5 19. Qxb5+ axb5 20. Rb3 Be7 21. Rxb4 d5 22. Rxb5 Bc6 23. Rb3 dxe4 24. Be3 0-0 25. a6 Bd5 26. Rb6 Rfc8 27. Bf1 h6 28. h4 Kh7 29. Kh1 Rc7 30. h5 Bf6 31. Rb4 Be7 32. Rba4 Rc2 33. Rb1 Bb3 34. Ra5 Bf6 35. Rc5 Rxc5 36. Bxc5 e5 37. a7 exf4 38. gxf4 g5 39. Bg2 Bc2 40. Re1 Kg7 41. b4 Re8 42. Rxe4 Rxe4 43. a8Q Re1+ 44. Kh2 Bb3 45. Qf8+ Kh7 46. Bh3 Re2+ 47. Kg1 g4 48. Bxg4 Re1+ 49. Kh2 1-0

[Event "NRW Class2 1213"]
[Site "Germany"]
[Date "2012.09.16"]
[Round "1.5"]
[White "Seegers, Hendrik"]
[Black "Bolwerk, Peter"]
[Result "1-0"]
[WhiteElo "2178"]
[BlackElo "2209"]
[PlyCount "99"]
[EventDate "2012.09.16"]
[EventType "team-tourn"]
[EventRounds "9"]
[EventCountry "GER"]
[SourceTitle "EXT 2017"]
[Source "ChessBase"]
[SourceDate "2016.10.25"]
[SourceVersion "1"]
[SourceVersionDate "2016.10.25"]
[SourceQuality "1"]
[WhiteTeam "Neuenkirchen"]
[BlackTeam "Muenster"]
[WhiteTeamCountry "GER"]
[BlackTeamCountry "GER"]

1. d4 Nf6 2. Nf3 g6 3. e3 Bg7 4. c4 0-0 5. Nc3 d6 6. Be2 Nbd7 7. 0-0 e5 8. dxe5 dxe5 9. b3 Qe7 10. Qc2 c6 11. Rd1 Re8 12. h3 e4 13. Nd2 Nc5 14. Ba3 Qe5 15. b4 Nd3 16. Ncxe4 Nxe4 17. Nxe4 Nxf2 18. Nxf2 Qg3 19. Bb2 Bf5 20. e4 Rxe4 21. Nxe4 Qe3+ 22. Kh1 Bxe4 23. Bd3 Qxh3+ 24. Kg1 Qe3+ 25. Qf2 Qxf2+ 26. Kxf2 Bxb2 27. Bxe4 Bxa1 28. Rxa1 Rd8 29. Ke3 f5 30. Bf3 g5 31. g3 Kf7 32. c5 Kf6 33. b5 Ke5 34. bxc6 bxc6 35. Re1 g4 36. Rd1 Rc8 37. Bg2 h5 38. Rd6 h4 39. gxh4 f4+ 40. Kf2 Rb8 41. Bxc6 Rb2+ 42. Ke1 f3 43. Rd2 Rb1+ 44. Kf2 Rc1 45. Rd5+ Ke6 46. Rg5 Rc2+ 47. Kg3 Rg2+ 48. Kf4 Rc2 49. Re5+ Kf6 50. Rf5+ 1-0

[Event "Oberliga NRW 1011"]
[Site "Germany"]
[Date "2011.04.03"]
[Round "9.6"]
[White "Bus, Tom"]
[Black "Bolwerk, Peter"]
[Result "1/2-1/2"]
[WhiteElo "2179"]
[BlackElo "2243"]
[PlyCount "119"]
[EventDate "2010.09.26"]
[EventType "team-tourn"]
[EventRounds "9"]
[EventCountry "GER"]
[SourceTitle "EXT 2012"]
[Source "ChessBase"]
[SourceDate "2011.11.24"]
[SourceVersion "1"]
[SourceVersionDate "2011.11.24"]
[SourceQuality "1"]
[WhiteTeam "Muelheim Nord II"]
[BlackTeam "Muenster"]
[WhiteTeamCountry "GER"]
[BlackTeamCountry "GER"]

1. c4 Nf6 2. g3 g6 3. Bg2 Bg7 4. Nc3 0-0 5. e4 d6 6. Nge2 e5 7. 0-0 Be6 8. d3 Qd7 9. Nd5 Ne8 10. d4 c6 11. Ne3 Bh3 12. d5 Bxg2 13. Kxg2 Na6 14. Rb1 Nc5 15. f3 a5 16. Nc3 Qc7 17. Qc2 Nf6 18. b3 Na6 19. a3 c5 20. Bd2 b6 21. Ncd1 Nh5 22. Nf2 Qd7 23. Nd3 Bh6 24. Ng4 Bg7 25. b4 cxb4 26. axb4 axb4 27. Nxb4 Nc5 28. Nc6 f5 29. Nf2 Ra6 30. Be3 Qf7 31. Nh3 h6 32. g4 fxg4 33. fxg4 Nf6 34. g5 hxg5 35. Nxg5 Qd7 36. Bxc5 bxc5 37. Ne6 Rxc6 38. Nxf8 Qg4+ 39. Kh1 Rc8 40. Ne6 Nxe4 41. Qg2 Qxg2+ 42. Kxg2 Nd2 43. Rb7 Bh6 44. Rff7 Nxc4 45. Rh7 Ne3+ 46. Kf3 Nf5 47. Rhd7 Re8 48. Rd8 Rxd8 49. Nxd8 Ne3 50. Nf7 Bf4 51. Nxd6 Nxd5 52. h3 Kf8 53. Nc4 Nf6 54. Rc7 e4+ 55. Kxf4 Nd5+ 56. Kxe4 Nxc7 57. Ke5 Kg7 58. Kd6 Ne8+ 59. Kxc5 Kh6 60. Ne5 1/2-1/2

[Event "Oberliga NRW 1011"]
[Site "Germany"]
[Date "2011.01.09"]
[Round "5.7"]
[White "Bolwerk, Peter"]
[Black "Kartsev, Alexandr"]
[Result "1/2-1/2"]
[WhiteElo "2243"]
[BlackElo "2145"]
[PlyCount "119"]
[EventDate "2010.09.26"]
[EventType "team-tourn"]
[EventRounds "9"]
[EventCountry "GER"]
[SourceTitle "EXT 2012"]
[Source "ChessBase"]
[SourceDate "2011.11.24"]
[SourceVersion "1"]
[SourceVersionDate "2011.11.24"]
[SourceQuality "1"]
[WhiteTeam "Muenster"]
[BlackTeam "Castrop Rauxel"]
[WhiteTeamCountry "GER"]
[BlackTeamCountry "GER"]

1. e4 c6 2. d4 d5 3. Nd2 dxe4 4. Nxe4 Bf5 5. Ng3 Bg6 6. Nf3 Nd7 7. h4 h6 8. h5 Bh7 9. Bd3 Bxd3 10. Qxd3 Ngf6 11. Bd2 e6 12. 0-0-0 Be7 13. Ne4 0-0 14. g4 Nxg4 15. Rhg1 f5 16. Qb3 fxe4 17. Qxe6+ Rf7 18. Ne5 Ndxe5 19. dxe5 Qd5 20. Qxd5 cxd5 21. Rxg4 Kh7 22. Be3 Rd8 23. Bxa7 Rf5 24. Bb6 Rd7 25. Rxe4 Bg5+ 26. Be3 dxe4 27. Rxd7 Bxe3+ 28. fxe3 Rxe5 29. Rxb7 Rxh5 30. b4 Rh1+ 31. Kb2 h5 32. b5 Rf1 33. Rd7 h4 34. a4 h3 35. Rd2 g5 36. b6 Rf8 37. a5 Rb8 38. c4 g4 39. Rh2 Kg6 40. c5 Kf5 41. a6 Rg8 42. a7 g3 43. Rxh3 g2 44. a8Q Rxa8 45. Rg3 Ra5 46. Kb3 Rxc5 47. Kb4 Rc6 48. Rxg2 Rxb6+ 49. Kc5 Rb3 50. Rg3 Rb1 51. Kc4 Rc1+ 52. Kd4 Rd1+ 53. Kc4 Rd3 54. Kc5 Rd8 55. Kc4 Rd1 56. Kc5 Rf1 57. Kd4 Rf2 58. Rg8 Rd2+ 59. Kc4 Rc2+ 60. Kd4 1/2-1/2

[Event "NED-chT 1011"]
[Site "Netherlands"]
[Date "2010.10.09"]
[Round "2.9"]
[White "Bolwerk, Peter"]
[Black "Timmermans, Ivo"]
[Result "0-1"]
[WhiteElo "2243"]
[BlackElo "2209"]
[PlyCount "90"]
[EventDate "2010.09.25"]
[EventType "team"]
[EventRounds "9"]
[EventCountry "NED"]
[SourceTitle "CBM 138 Extra"]
[Source "ChessBase"]
[SourceDate "2010.10.29"]
[SourceVersion "1"]
[SourceVersionDate "2010.10.29"]
[SourceQuality "1"]
[WhiteTeam "Enschede Braceland"]
[BlackTeam "Amsterdam Caissa"]
[WhiteTeamCountry "NED"]
[BlackTeamCountry "NED"]

1. e4 e5 2. Bc4 Nf6 3. d3 Nc6 4. Nf3 Be7 5. c3 0-0 6. Bb3 d6 7. Nbd2 Na5 8. Bc2 c5 9. Nf1 Qc7 10. Ng3 Be6 11. h3 Rad8 12. Nh2 d5 13. Qf3 Qd7 14. 0-0 Kh8 15. Re1 Nc6 16. Nhf1 d4 17. c4 b5 18. b3 bxc4 19. bxc4 Ne8 20. Ba4 Qc7 21. Bd2 Rb8 22. Nh2 Nd6 23. Nf5 Bxf5 24. exf5 e4 25. Qf4 Nb4 26. Bxb4 Rxb4 27. Bc2 Rb2 28. Qc1 Rb4 29. a3 Rb6 30. Qf4 Rb2 31. Rec1 Qd8 32. dxe4 Bg5 33. Qg3 Bxc1 34. Rxc1 Qb8 35. Qd3 Re8 36. Nf3 Nxe4 37. Ba4 Nxf2 38. Qf1 Ree2 39. Re1 Nxh3+ 40. Kh1 Nf2+ 41. Kg1 Nh3+ 42. Kh1 Rxe1 43. Nxe1 Qg3 44. Bc2 Nf2+ 45. Kg1 Ng4 0-1

[Event "Oberliga NRW 0809"]
[Site "Germany"]
[Date "2009.01.04"]
[Round "5.7"]
[White "Grobbel, Rainer"]
[Black "Bolwerk, Peter"]
[Result "0-1"]
[WhiteElo "2137"]
[BlackElo "2282"]
[PlyCount "108"]
[EventDate "2008.09.21"]
[EventType "team-tourn"]
[EventRounds "9"]
[EventCountry "GER"]
[SourceTitle "EXT 2010"]
[Source "ChessBase"]
[SourceDate "2010.11.25"]
[SourceVersion "1"]
[SourceVersionDate "2010.11.25"]
[SourceQuality "1"]
[WhiteTeam "Lippstadt Turm"]
[BlackTeam "Gescher"]
[WhiteTeamCountry "GER"]
[BlackTeamCountry "GER"]

1. d4 Nf6 2. c4 g6 3. Nc3 Bg7 4. e4 d6 5. f3 0-0 6. Be3 a5 7. Nge2 Nc6 8. Qd2 Re8 9. Nc1 Nd7 10. Be2 e5 11. d5 Nd4 12. Nb3 Nxe2 13. Qxe2 a4 14. Nc1 Nc5 15. Nd3 b6 16. 0-0 Bd7 17. Qc2 f5 18. b4 axb3 19. axb3 Qh4 20. Bf2 Qg5 21. b4 fxe4 22. fxe4 Nxd3 23. Qxd3 Bh6 24. c5 Qd2 25. Rad1 Qxd3 26. Rxd3 bxc5 27. bxc5 Reb8 28. c6 Bc8 29. Rb1 Rxb1+ 30. Nxb1 Ra1 31. Rb3 Ba6 32. g3 Bc4 33. Rb8+ Kf7 34. Kg2 Bd3 35. Nc3 Rc1 36. Rb3 Bd2 37. Nb5 Bxe4+ 38. Kh3 Bxd5 39. Rd3 Bxc6 40. Nxd6+ cxd6 41. Rxd2 Ke6 42. Kg4 Be4 43. h4 d5 44. Kg5 h5 45. Ra2 Rc6 46. g4 hxg4 47. Kxg4 d4 48. h5 gxh5+ 49. Kxh5 Kf5 50. Kh4 Rh6+ 51. Kg3 Rg6+ 52. Kh3 Kf4 53. Bh4 Bf5+ 54. Kh2 Rh6 0-1

[Event "Oberliga NRW 0809"]
[Site "Germany"]
[Date "2008.11.30"]
[Round "4.6"]
[White "Kleff, Andre"]
[Black "Bolwerk, Peter"]
[Result "1/2-1/2"]
[WhiteElo "2155"]
[BlackElo "2282"]
[PlyCount "121"]
[EventDate "2008.09.21"]
[EventType "team-tourn"]
[EventRounds "9"]
[EventCountry "GER"]
[SourceTitle "EXT 2010"]
[Source "ChessBase"]
[SourceDate "2010.11.25"]
[SourceVersion "1"]
[SourceVersionDate "2010.11.25"]
[SourceQuality "1"]
[WhiteTeam "Duisburg"]
[BlackTeam "Gescher"]
[WhiteTeamCountry "GER"]
[BlackTeamCountry "GER"]

1. Nf3 Nf6 2. d4 g6 3. Bf4 Bg7 4. h3 0-0 5. e3 d6 6. Be2 Nbd7 7. 0-0 Qe8 8. c4 e5 9. Bh2 Ne4 10. Nc3 Nxc3 11. bxc3 b6 12. a4 a5 13. Re1 Bb7 14. Rb1 Qe7 15. Nd2 f5 16. Bf3 e4 17. Be2 Bc6 18. f3 Kh8 19. fxe4 fxe4 20. Kh1 Bh6 21. Bg1 Qh4 22. Bg4 Nf6 23. Be6 Rae8 24. d5 Bd7 25. Bxd7 Nxd7 26. Qe2 Nc5 27. Nb3 Nxa4 28. Rec1 Bg7 29. Qd2 Qf6 30. Ra1 Nc5 31. Nxc5 dxc5 32. Bh2 Rf7 33. d6 cxd6 34. Rab1 Qe6 35. Qxd6 Qxc4 36. Qxb6 a4 37. Qc6 Ref8 38. Bd6 Rg8 39. Qxc5 Qxc5 40. Bxc5 Rc7 41. Bd4 Rgc8 42. Rb4 Bxd4 43. Rxd4 Ra7 44. c4 a3 45. Rd2 Rb8 46. Rcc2 Rab7 47. Rd1 Rb2 48. Rxb2 Rxb2 49. Kh2 a2 50. Rd8+ Kg7 51. Ra8 Kf6 52. Ra6+ Ke5 53. c5 g5 54. c6 Kd6 55. Kg3 h6 56. h4 Re2 57. hxg5 hxg5 58. Kg4 Rxg2+ 59. Kf5 g4 60. Kf4 g3 61. Kg4 1/2-1/2